000
00285 a2200133 4500
000
nam a22 7a 4500
100
_a
Chohan
110
_a
Chohan
245
_a
Samajik manav vigyan
250
_a
Latest edition
260
_b
Satyam
_c
2022
264
_b
Satyam
_c
2022
942
_c
BK
999
_c
312125
_d
312125